Central Library OPAC University of Rajshahi

The new science of strong materials / (Record no. 12840)

MARC details
000 -LEADER
fixed length control field 00776cam a2200253 4500
001 - CONTROL NUMBER
control field 12840
003 - CONTROL NUMBER IDENTIFIER
rucl marc code BD-RjUL
005 - DATE AND TIME OF LATEST TRANSACTION
control field 20211208235350.0
008 - FIXED-LENGTH DATA ELEMENTS--GENERAL INFORMATION
fixed length control field 140129r19791976nyua b 001 0 eng d
035 ## - SYSTEM CONTROL NUMBER
System control number (BD-RjUL)12890
040 ## - CATALOGING SOURCE
Original cataloging agency DLC
Transcribing agency DLC
Modifying agency (BD-RjUL)
Language of cataloging eng
041 ## - LANGUAGE CODE
Language code of text/sound track or separate title eng
082 00 - DEWEY DECIMAL CLASSIFICATION NUMBER
Classification number 620.11
Author mark and year GON 1979
100 1# - MAIN ENTRY--PERSONAL NAME
Personal name Gordon, J. E.
Fuller form of name (James Edward),
Dates associated with a name 1913-
9 (RLIN) 40014
245 14 - TITLE STATEMENT
Title The new science of strong materials /
Statement of responsibility, etc. by J. E. Gordon.
260 ## - PUBLICATION, DISTRIBUTION, ETC. (IMPRINT)
Place of publication, distribution, etc. New York :
Name of publisher, distributor, etc. Walker ,
Date of publication, distribution, etc. c1968 [Reprint 1979]
300 ## - PHYSICAL DESCRIPTION
Pagination 269 p. :
Illustrations illus. ,
Size 18 cm.
504 ## - BIBLIOGRAPHY, ETC. NOTE
Bibliography, etc Includes Bibliography: p. [262]-263. and Index
650 #0 - SUBJECT ADDED ENTRY--TOPICAL TERM
Topical term or geographic name as entry element Materials
General subdivision Popular works.
9 (RLIN) 40015
Topical term or geographic name as entry element Strength of materials.
9 (RLIN) 40016
942 ## - ADDED ENTRY ELEMENTS (KOHA)
Source of classification or shelving scheme Dewey Decimal Classification
Koha item type Books
Holdings
Lost status Source of classification or shelving scheme Damaged status Not for loan Collection code Permanent Location Current Location Shelving location Date acquired Source of acquisition Cost, normal purchase price Total Checkouts Full call number Date last seen Copy number Koha item type
  Dewey Decimal Classification   Not For Loan Non-fiction Central Library, University of Rajshahi Central Library, University of Rajshahi Reading Room 09/11/1982 Heffer 1.50   620.11 GON 1979 29/01/2014 c-1 Books